| Tag |
First Indicator |
Second Indicator |
Subfields |
| LEADER |
00000cam a2200000 a 4500 |
| 001 |
in00000091755 |
| 005 |
20150923131815.0 |
| 008 |
810824s1980 enka b 00110 eng d |
| 020 |
|
|
|a 0263064298
|
| 020 |
|
|
|a 0391021486
|
| 035 |
|
|
|a (OCoLC)07696226
|
| 035 |
|
|
|9 AAK7089AM
|
| 040 |
|
|
|a WAU
|c WAU
|d TXA
|d UtOrBLW
|
| 043 |
|
|
|a e------
|
| 049 |
|
|
|a TXAM
|c [1655684]
|
| 090 |
|
|
|a GT575
|b S35
|
| 100 |
1 |
|
|a Scott, Margaret.
|
| 245 |
1 |
0 |
|a Late Gothic Europe, 1400-1500 /
|c Margaret Scott.
|
| 264 |
|
1 |
|a London :
|b Mills & Boon ;
|a New Jersey :
|b Humanities Press,
|c 1980.
|
| 300 |
|
|
|a 256 pages :
|b illustrations (some color) ;
|c 29 cm.
|
| 336 |
|
|
|a text
|b txt
|2 rdacontent
|
| 337 |
|
|
|a unmediated
|b n
|2 rdamedia
|
| 338 |
|
|
|a volume
|b nc
|2 rdacarrier
|
| 490 |
1 |
|
|a History of dress series
|
| 500 |
|
|
|a Includes index.
|
| 504 |
|
|
|a Bibliography: pages 245-247.
|
| 650 |
|
0 |
|a Costume
|z Europe
|x History
|y 15th century.
|
| 830 |
|
0 |
|a History of dress series.
|
| 999 |
|
|
|a MARS
|
| 999 |
f |
f |
|s d310f0ee-9c16-3f90-b159-cade64f1d010
|i f2591017-d899-3677-bab8-e86ce63d3a48
|t 0
|
| 952 |
f |
f |
|p ric
|a Texas A&M University
|b Rellis Campus
|c Joint Library Facility
|d Remote Storage
|t 0
|e GT575 S35
|h Library of Congress classification
|i unmediated -- volume
|m A14806004821
|
| 998 |
f |
f |
|a GT575 S35
|t 0
|l Remote Storage
|